Hướng dẫn cấp cứu thông thường
Tổ chức công tác cấp cứu và nhiệm vụ của hội viên chữ thập đỏ. Thứ tự các công việc phải làm trong xử lý cấp cứu thông thường
Spremljeno u:
| Autor kompanije: | |
|---|---|
| Format: | Knjiga |
| Jezik: | Vietnamese |
| Izdano: |
H.
Y học
1978
|
| Teme: | |
| Oznake: |
Dodaj oznaku
Bez oznaka, Budi prvi tko označuje ovaj zapis!
|
| Thư viện lưu trữ: | Mạng thư viện Đại học Đà Nẵng |
|---|
| LEADER | 01276nam a22003378a 4500 | ||
|---|---|---|---|
| 001 | 000010130 | ||
| 003 | 6330 | ||
| 005 | 20111114091137.0 | ||
| 008 | 111114s1978 b 000 0 vieod | ||
| 020 | |c 3000đ |d 30100b | ||
| 041 | 0 | |a vie | |
| 082 | |a 362.18 |b Hươ | ||
| 084 | |a N |b H561D | ||
| 110 | |a Hội chữ thập đỏ Việt Nam | ||
| 245 | 1 | 0 | |a Hướng dẫn cấp cứu thông thường |c Hội chữ thập đỏ Việt Nam |
| 260 | |a H. |b Y học |c 1978 | ||
| 300 | |a 92tr: hình vẽ |c 19cm | ||
| 520 | |a Tổ chức công tác cấp cứu và nhiệm vụ của hội viên chữ thập đỏ. Thứ tự các công việc phải làm trong xử lý cấp cứu thông thường | ||
| 653 | |a Cấp cứu thông thường | ||
| 653 | |a hướng dẫn | ||
| 910 | |a Nguyễn Thị Kim Oanh |d 14/11/2011 | ||
| OWN | |a LSP | ||
| AVA | |a UDN50 |b LSP |d 362.18 Hươ |e available |t Error 5001 Not defined in file expand_doc_bib_avail. |f 3 |g 2 |h N |i 0 |k 1 | ||
| 999 | |a From the UDN01 | ||
| AVA | |a UDN50 |b LSP |d 362.18 Hươ |e available |t Error 5001 Not defined in file expand_doc_bib_avail. |f 3 |g 2 |h N |i 0 |k 1 | ||
| TYP | |a Monograph | ||
| TYP | |a Printed language | ||
| 980 | |a Mạng thư viện Đại học Đà Nẵng | ||